|
|
|
|
| LEADER |
00000nam a22000007a 4500 |
| 005 |
20161003160612.0 |
| 007 |
cr|||| ||u| |
| 008 |
161003s2013 Bl |||||o|||| 001 0 Por d |
| 020 |
|
|
|a 978-85-8183-013-1
|
| 035 |
|
|
|a 14374
|
| 040 |
|
|
|a vLex
|
| 090 |
|
|
|c 6263
|d 6263
|
| 100 |
1 |
|
|a Fernandes Castilho, Jos ̌Roberto
|
| 245 |
1 |
|
|a Legislaȯ̂ urbans̕tica bs̀ica
|h [Recurso electrn̤ico] :
|b Coletńea de Legislaȯ̂ de Direito Urbans̕tico /
|c Jos ̌Roberto Fernandes Castilho.
|
| 256 |
|
|
|a Servicio en ln̕ea
|
| 260 |
|
|
|a Sô Paulo:
|b Pillares,
|c 2013.
|
| 300 |
|
|
|a 1 Recurso electrn̤ico
|
| 506 |
1 |
|
|a Disponible solo en los productos indicados.
|d vLex Global
|d vLex Global (Academic Edition, excluding Law Schools)
|d vLex Global (U.S. Academic Edition, Law Schools)
|d vLex Global (U.S. Academic Edition, excluding Law Schools)
|d vLex Global (Academic Edition, Law Schools)
|
| 650 |
0 |
4 |
|a Urbanismo
|y Brasil
|
| 740 |
0 |
|
|a vLex libros (servicio en ln̕ea)
|
| 856 |
4 |
0 |
|z Acceso restringido
|u http://vlex.com/source/legisla-o-urbanistica-basica-colet-nea-de-legisla-o-de-direito-urbanistico-14374
|
| 942 |
|
|
|c BOOK
|
| 999 |
0 |
|
|a City Planning
|